[Event "10th Beirut Open-ch 2019"]
[Site "Beirut"]
[Date "2019.05.01"]
[Round "6.3"]
[White "Cherniaev, Alexander"]
[Black "Dimitrijevic, Aleksandra"]
[Result "1-0"]
[WhiteElo "2401"]
[BlackElo "2164"]
[Annotator "NA"]
[PlyCount "130"]
[EventDate "2019.04.25"]
[EventType "swiss"]
[EventRounds "9"]
[EventCountry "LBN"]
[SourceTitle "playchess.com"]
[Source "ChessBase"]
[SourceQuality "1"]
[TimeControl "5400+30"]

1. d4 {[%emt 0:05:13]} d6 {[%emt 0:00:51]} 2. e4 {[%emt 0:00:50]} Nf6 {[%emt 0:01:22]} 3. Nc3 {[%emt 0:00:06]} c6 {[%emt 0:02:14]} 4. Nge2 {[%emt 0:02:42]} e5 {[%emt 0:00:08]} 5. h3 {[%emt 0:00:19]} Qc7 {[%emt 0:00:22]} 6. g4 {[%emt 0:00:20]} h6 {[%emt 0:00:12]} 7. Bg2 {[%emt 0:00:16]} Be7 {[%emt 0:00:38]} 8. Be3 {[%emt 0:07:36]} b6 {[%emt 0:00:47]} 9. Ng3 {[%emt 0:02:00]} g6 {[%emt 0:00:08]} 10. Qd2 {[%emt 0:04:24]} h5 {[%emt 0:00:11]} 11. O-O-O {[%emt 0:02:06]} Nbd7 {[%emt 0:00:22]} 12. g5 {[%emt 0:06:17]} Nh7 {[%emt 0:01:09]} 13. h4 {[%emt 0:00:07]} Bb7 {[%emt 0:02:34]} 14. f4 {[%emt 0:09:35]} exf4 {[%emt 0:00:43]} 15. Bxf4 {[%emt 0:00:07]} O-O-O {[%emt 0:02:02]} 16. Kb1 {[%emt 0:09:01]} Rhe8 {[%emt 0:06:44]} 17. a3 {[%emt 0:00:29]} a6 {[%emt 0:01:39]} 18. Rdf1 {[%emt 0:00:33]} f6 {[%emt 0:00:23]} 19. gxf6 {[%emt 0:03:46]} Bxf6 {[%emt 0:00:42]} 20. Nge2 {[%emt 0:00:18]} Kb8 {[%emt 0:02:02]} 21. Bg3 {[%emt 0:02:26]} Ka7 {[%emt 0:00:58]} 22. Rf2 {[%emt 0:00:56]} Re7 {[%emt 0:03:51]} 23. Bh3 {[%emt 0:08:25]} Bg7 {[%emt 0:00:41]} 24. Nf4 {[%emt 0:01:08]} Ndf8 {[%emt 0:04:01]} 25. Re1 {[%emt 0:02:18]} Nf6 {[%emt 0:07:02]} 26. Rff1 {[%emt 0:10:05]} Rde8 {[%emt 0:07:06]} 27. Bg2 {[%emt 0:00:53]} Qd8 {[%emt 0:07:04]} 28. Rd1 {[%emt 0:00:57]} Ka8 {[%emt 0:06:30]} 29. Bf3 {[%emt 0:00:27]} N6h7 {[%emt 0:03:39]} 30. Qg2 {[%emt 0:01:08]} Bh8 $2 {[%emt 0:06:31]} (30... Ka7 31. e5 dxe5) 31. Qh2 {[%emt 0:00:46]} (31. e5 $142) 31... b5 {[%emt 0:01:02]} (31... Rd7 $142 32. Nfe2 Nf6) 32. Qg2 {[%emt 0:02:55]} Rd7 {[%emt 0:03:41]} 33. Nfe2 {[%emt 0:02:47]} ({White should try} 33. e5 $18) 33... Qc8 {[%emt 0:00:42]} 34. Qh2 {[%emt 0:00:34]} Qd8 {[%emt 0:00:51]} 35. Bg2 {[%emt 0:00:44]} (35. e5 $18 {and White stays clearly on top.}) 35... Nf6 {[%emt 0:01:40]} 36. Bh3 {[%emt 0:01:07]} Ng4 {[%emt 0:00:08]} 37. Bxg4 {[%emt 0:00:05]} hxg4 {[%emt 0:00:06]} 38. Rf4 {[%emt 0:00:35]} ({White should try} 38. h5 $16) 38... c5 {[%emt 0:00:07]} 39. Rxg4 {[%emt 0:00:41]} b4 {[%emt 0:00:10]} 40. axb4 {[%emt 0:00:28]} cxb4 {[%emt 0:00:07]} 41. Nd5 {[%emt 0:00:02]} Qa5 {[%emt 0:06:06]} (41... Nh7 $142 42. Rf1 (42. Rxg6 Rxe4 43. Nef4 Nf6 $16) 42... Nf6 43. Nxf6 (43. Rxg6 $2 Nxe4 44. Rf5 Qa5 $19) 43... Bxf6) 42. Bxd6 {[%emt 0:02:48]} Bxd5 {[%emt 0:00:09]} 43. exd5 {[%emt 0:00:04]} Rxe2 {[%emt 0:00:10]} 44. Qxe2 {[%emt 0:00:04]} Rxd6 {[%emt 0:00:08]} 45. h5 {[%emt 0:00:18]} Qxd5 {[%emt 0:01:34]} 46. hxg6 {[%emt 0:00:12]} Bg7 {[%emt 0:00:10]} 47. Rf1 {[%emt 0:01:10]} Ne6 {[%emt 0:01:38]} 48. Qe4 {[%emt 0:03:47]} Qxe4 {[%emt 0:02:23]} 49. Rxe4 {[%emt 0:00:02]} Bxd4 {[%emt 0:00:16]} (49... Kb8 $142 50. c3 Nd8) 50. Rd1 {[%emt 0:02:09]} Kb7 {[%emt 0:02:13]} 51. g7 {[%emt 0:00:38]} Nxg7 {[%emt 0:00:46]} 52. Rdxd4 {[%emt 0:00:07]} Rg6 {[%emt 0:00:49]} 53. Rxb4+ {[%emt 0:00:31]} Kc6 {[%emt 0:00:07]} 54. Rg4 {[%emt 0:00:27]} Rxg4 $18 {[%emt 0:00:11]} 55. Rxg4 {[%emt 0:00:02]} Nf5 {[%emt 0:00:09]} 56. Ka2 {[%emt 0:00:28]} Ne3 {[%emt 0:00:08]} 57. Rh4 {[%emt 0:00:11]} Nf5 {[%emt 0:00:22]} 58. Rh3 {[%emt 0:00:30]} Nd4 {[%emt 0:00:10]} 59. c3 {[%emt 0:00:19]} Nf5 {[%emt 0:00:20]} 60. b4 {[%emt 0:00:24]} Nd6 {[%emt 0:00:11]} 61. Rh6 {[%emt 0:00:33]} Kd5 {[%emt 0:00:06]} 62. Kb3 {[%emt 0:00:06]} Kc6 {[%emt 0:01:02]} 63. Ka4 {[%emt 0:00:09]} Kc7 {[%emt 0:00:06]} 64. Rxd6 {[%emt 0:00:14]} Kxd6 {[%emt 0:00:05]} 65. Ka5 {[%emt 0:00:07]} Kd5 1-0

[Event "10th Beirut Open-ch 2019"]
[Site "Beirut"]
[Date "2019.05.01"]
[Round "6.4"]
[White "Bajarani, Ulvi"]
[Black "Eiti, Bashir"]
[Result "1-0"]
[WhiteElo "2470"]
[BlackElo "2352"]
[Annotator "TA"]
[PlyCount "66"]
[EventDate "2019.04.25"]
[EventType "swiss"]
[EventRounds "9"]
[EventCountry "LBN"]
[SourceTitle "playchess.com"]
[Source "ChessBase"]
[SourceQuality "1"]

{[%evp 9,66,24,49,35,75,52,78,76,104,70,91,91,84,79,110,103,106,98,132,132,147,127,140,138,274,275,297,264,272,266,277,265,354,368,424,437,437,429,1070,1059,1171,1097,1398,1401,1406,1386,1395,1406,1406,1410,1411,1399,1399,1365,1348,1348,1299,1252,1250]} 1. d4 c6 2. e4 d6 3. Nc3 Qc7 4. g3 (4. f4 e5 5. Nf3 Bg4 6. Be3 Nd7 7. h3 Bxf3 8. Qxf3 Ngf6 9. g4 g6 10. Bc4 O-O-O 11. Bxf7 Kb8 12. O-O-O {1-0 (23) Mareco,S (2661)-Barreno Anleu,H (2025) Guatemala City 2019}) 4... e5 5. Nge2 h5 $146 ({Predecessor:} 5... Nf6 6. Bg2 Be7 7. O-O O-O 8. h3 b5 9. a3 a5 10. Be3 Bb7 11. d5 b4 12. dxc6 Qxc6 {½-½ (37) Klimaszewski,D (2148)-Cap,P (1819) Bialystok 2017}) 6. h3 {B12: Caro-Kann: Advance Variation} Ne7 7. Bg2 h4 {[#]} 8. g4 $1 {White is better.} Ng6 9. O-O Be7 10. f4 Nd7 11. Kh1 Nf6 12. f5 Nf8 13. Be3 Bd7 14. Qe1 N6h7 15. Ng1 Ng5 16. Qf2 {Black must now prevent f6!} b6 {[#]} (16... Bc8 $16 {was necessary.} 17. dxe5 dxe5 18. Bxa7 b5) 17. f6 $1 $18 {[%mdl 512]} Nxh3 (17... Bxf6 18. Bxg5) 18. Bxh3 gxf6 19. g5 Nh7 20. dxe5 (20. Qxh4 $2 O-O-O $19) 20... dxe5 21. Rad1 ({Weaker is} 21. Qxh4 O-O-O $17) 21... Rd8 22. gxf6 {White is clearly winning.} Bxf6 23. Bg5 Bxh3 (23... Nxg5 $142 24. Qxf6 Rg8 25. Bxd7+ Rxd7 26. Rxd7 Qxd7 27. Qxe5+ Kf8 28. Qb8+ Kg7 29. Qe5+ Kf8) 24. Bxf6 Nxf6 25. Qxf6 {White threatens Rxd8+ and mate.} Bxf1 26. Qxh8+ Ke7 27. Qxh4+ Ke8 28. Rxf1 Qd6 29. Rd1 Qc7 30. Rxd8+ Qxd8 31. Qh8+ Kd7 32. Qxd8+ Kxd8 33. Nf3 f6 {Accuracy: White = 82%, Black = 29%.} 1-0

[Event "10th Beirut Open-ch 2019"]
[Site "Beirut"]
[Date "2019.05.01"]
[Round "6.5"]
[White "Kaloust, Giorgio"]
[Black "El Jawich, Amro"]
[Result "1/2-1/2"]
[WhiteElo "1919"]
[BlackElo "2238"]
[Annotator "NA"]
[PlyCount "120"]
[EventDate "2019.04.25"]
[EventType "swiss"]
[EventRounds "9"]
[EventCountry "LBN"]
[SourceTitle "playchess.com"]
[Source "ChessBase"]
[SourceQuality "1"]
[TimeControl "5400+30"]

1. d4 {[%emt 0:00:08]} Nf6 {[%emt 0:00:00]} 2. c4 {[%emt 0:00:14]} d6 {[%emt 0:00:21]} 3. Nc3 {[%emt 0:00:16]} Nbd7 {[%emt 0:00:14]} 4. e4 {[%emt 0:00:08]} e5 {[%emt 0:00:34]} 5. d5 {[%emt 0:00:06]} Nc5 {[%emt 0:01:29]} 6. f3 {[%emt 0:01:04]} a5 {[%emt 0:00:32]} 7. Be3 {[%emt 0:00:31]} g6 {[%emt 0:04:07]} 8. Qd2 {[%emt 0:02:40] A53: Old Indian Defence without Nf3} Bg7 {[%emt 0:01:01]} 9. h4 $146 {[%emt 0:03:14]} ({Predecessor:} 9. Nge2 Bd7 10. O-O-O h5 11. Kb1 Qb8 12. Nc1 O-O 13. Be2 a4 14. h3 Nh7 15. g4 f5 16. gxf5 gxf5 {1-0 (36) Ratkovic,M (2378)-Saric,S (2422) Kragujevac 2016}) 9... Nh5 {[%emt 0:06:15]} 10. Nge2 {[%emt 0:03:25]} f5 {[%emt 0:08:16]} 11. exf5 {[%emt 0:02:55]} gxf5 {[%emt 0:00:34]} 12. O-O-O {[%emt 0:00:52]} O-O {[%emt 0:10:00]} 13. g4 {[%emt 0:17:34]} fxg4 {[%emt 0:00:45]} 14. fxg4 {[%emt 0:00:04]} Bxg4 {[%emt 0:03:55]} 15. Rg1 {[%emt 0:01:33]} Nf6 {[%emt 0:19:35]} 16. Bg5 {[%emt 0:03:08]} (16. Bxc5 $1 $11 dxc5 17. Re1) 16... h5 {[%emt 0:03:50]} 17. Ng3 {[%emt 0:06:31]} Qe8 {[%emt 0:14:45]} 18. Be2 {[%emt 0:04:18]} Qg6 {[%emt 0:11:21]} 19. Rdf1 {[%emt 0:06:28]} Bxe2 {[%emt 0:04:44]} 20. Qxe2 {[%emt 0:00:20]} Ng4 {[%emt 0:00:56]} 21. Qc2 {[%emt 0:12:17]} e4 {[%emt 0:06:33]} ({Better is} 21... Nd3+ $15 22. Kb1 Rf2 23. Rxf2 Ngxf2) 22. Ncxe4 {[%emt 0:02:00]} Nxe4 {[%emt 0:00:01]} 23. Nxe4 {[%emt 0:01:18]} Rxf1+ {[%emt 0:00:18]} 24. Rxf1 {[%emt 0:00:20]} Rf8 {[%emt 0:00:58]} 25. Rxf8+ {[%emt 0:05:17]} Kxf8 {[%emt 0:00:27]} 26. Ng3 {[%emt 0:02:59]} Qf7 {[%emt 0:00:55]} 27. Qf5 {[%emt 0:03:03]} Qxf5 {[%emt 0:00:09]} 28. Nxf5 {[%emt 0:00:05]} Be5 {[%emt 0:00:53]} 29. Bd8 {[%emt 0:01:16]} c6 {[%emt 0:00:22]} 30. Bxa5 {[%emt 0:02:55]} cxd5 {[%emt 0:00:01]} 31. cxd5 {[%emt 0:00:42]} Ke8 {[%emt 0:01:05]} 32. Kd2 {[%emt 0:02:36]} Nf6 {[%emt 0:00:18]} 33. Bc3 {[%emt 0:01:55]} Nxd5 {[%emt 0:00:42]} 34. Bxe5 {[%emt 0:00:38]} dxe5 {[%emt 0:00:01]} 35. Nd6+ {[%emt 0:00:53]} Kd7 {[%emt 0:00:51]} 36. Nxb7 {[%emt 0:00:25]} Ne7 {[%emt 0:00:39]} 37. Nc5+ {[%emt 0:00:31]} Kc6 {[%emt 0:00:19]} 38. Ne4 {[%emt 0:00:35]} Nf5 {[%emt 0:00:41]} 39. Nf6 {[%emt 0:00:37]} Nxh4 {[%emt 0:00:07]} 40. Nxh5 {[%emt 0:00:04]} Kd5 {[%emt 0:00:30]} 41. Ng3 {[%emt 0:01:29]} Kd4 {[%emt 0:00:53]} 42. Ne2+ {[%emt 0:01:00]} Ke4 {[%emt 0:00:10]} 43. Kc3 {[%emt 0:01:24]} Ke3 {[%emt 0:00:49]} 44. Nc1 {[%emt 0:00:06]} Nf5 {[%emt 0:00:30]} 45. a4 {[%emt 0:00:25]} Nd6 {[%emt 0:00:32]} 46. a5 {[%emt 0:02:05]} Ke4 {[%emt 0:00:02]} 47. b4 {[%emt 0:02:48]} Kd5 {[%emt 0:00:07]} 48. Ne2 {[%emt 0:01:21]} Kc6 {[%emt 0:01:02]} 49. Kb3 {[%emt 0:00:33]} e4 {[%emt 0:00:49]} 50. Nd4+ {[%emt 0:01:32]} Kb7 {[%emt 0:00:26]} 51. Ka4 {[%emt 0:00:52]} e3 {[%emt 0:00:31]} 52. b5 {[%emt 0:00:20]} Nf5 {[%emt 0:00:32]} 53. Ne2 {[%emt 0:01:14]} Nd6 {[%emt 0:00:28]} 54. Kb4 {[%emt 0:00:27]} Ne4 {[%emt 0:00:32]} 55. a6+ {[%emt 0:02:25]} Kb6 {[%emt 0:00:26]} 56. Nc3 {[%emt 0:00:19]} Nf6 {[%emt 0:00:30]} 57. Kc4 $11 {[%emt 0:02:29]} e2 {[%emt 0:00:30]} 58. Nxe2 {[%emt 0:00:15]} Ne8 {[%emt 0:00:01]} 59. Nc3 {[%emt 0:01:50]} Nd6+ {[%emt 0:00:13]} 60. Kb4 {[%emt 0:00:13]} Nxb5 {[%emt 0:00:08]} 1/2-1/2

[Event "10th Beirut Open-ch 2019"]
[Site "Beirut"]
[Date "2019.05.01"]
[Round "6.6"]
[White "Kotanjian, Tigran"]
[Black "Sursock, Sameer"]
[Result "1-0"]
[WhiteElo "2458"]
[BlackElo "2048"]
[Annotator "TA"]
[PlyCount "61"]
[EventDate "2019.04.25"]
[EventType "swiss"]
[EventRounds "9"]
[EventCountry "LBN"]
[SourceTitle "playchess.com"]
[Source "ChessBase"]
[SourceQuality "1"]

{[%evp 13,61,34,46,5,42,47,34,42,50,43,50,30,36,36,41,30,54,18,28,12,17,-83,-94,-65,10,-46,10,10,16,0,25,0,0,0,81,88,89,87,91,88,118,106,101,62,716,18,704,689,29991,29992]} 1. d4 Nf6 2. c4 g6 3. Nc3 Bg7 4. e4 d6 5. Nf3 O-O 6. Be2 Bg4 7. O-O Nfd7 8. d5 {E91: King's Indian: Classical: 6 Be2, unusual replies including 6...c5 and 6...Bg4} (8. Be3 Nc6 9. d5 Bxf3 10. Bxf3 Na5 11. Be2 Bxc3 12. bxc3 e5 13. dxe6 fxe6 14. c5 Nxc5 15. e5 b6 16. Bg4 Nab7 17. exd6 cxd6 18. Qd2 Qf6 19. Bg5 Qf7 20. Bh6 Rfe8 21. c4 Ne4 {1-0 (37) Ding,L (2714)-Zhao,J (2603) Danzhou 2014}) 8... Nc5 (8... Bxc3 $5 9. bxc3 Nc5 $11) 9. Nd4 Bxe2 10. Ndxe2 {White is slightly better.} Nbd7 11. Bg5 $146 ({Predecessor:} 11. Rb1 a5 12. b3 e6 13. dxe6 fxe6 14. f4 Qe7 15. a3 Nb6 {½-½ (24) Patterson,R (2149)-Kaufman,R (2292) Richmond 2017}) 11... a5 12. Qc2 Nb6 13. b3 c6 14. Rad1 Qc7 15. Nd4 a4 16. Rfe1 Rfe8 17. f4 (17. Be3 $11) 17... axb3 $17 18. axb3 e5 (18... Nbd7 $15 19. b4 Na6) 19. dxe6 (19. fxe5 $1 $11 Bxe5 20. Rf1) 19... Nxe6 (19... Bxd4+ $1 $15 20. Rxd4 Nxe6) 20. Nxe6 $11 fxe6 21. f5 Nd7 22. Rf1 {[#] Strongly threatening f6.} exf5 23. exf5 Re5 (23... gxf5 $11 24. Na4 Ne5) 24. Ne4 $16 {And now f6 would win.} Rxf5 25. Rxf5 gxf5 26. Nxd6 {[%mdl 64] [#] Discovered Attack} Qb6+ 27. Kh1 Nc5 28. Qxf5 ({Don't play} 28. Nxf5 Qxb3 29. Qxb3 Nxb3 $11) 28... Qxb3 $2 {[%mdl 8192]} (28... Rf8 $14 29. Qb1 Qxb3) 29. Qf7+ $18 Kh8 30. Re1 {White threatens Re8+ and mate.} h6 31. Bf6 {Accuracy: White = 48%, Black = 53%.} 1-0

[Event "10th Beirut Open-ch 2019"]
[Site "Beirut"]
[Date "2019.05.01"]
[Round "6.7"]
[White "Hariri, Nizar"]
[Black "Raetsky, Alexander"]
[Result "0-1"]
[WhiteElo "1958"]
[BlackElo "2394"]
[Annotator "NA"]
[PlyCount "58"]
[EventDate "2019.04.25"]
[EventType "swiss"]
[EventRounds "9"]
[EventCountry "LBN"]
[SourceTitle "playchess.com"]
[Source "ChessBase"]
[SourceQuality "1"]
[TimeControl "5400+30"]

1. c4 Nf6 2. g3 g6 3. Bg2 Bg7 4. Nc3 O-O 5. d4 d6 6. Nf3 Nbd7 7. O-O e5 8. e4 c6 9. h3 Re8 10. dxe5 dxe5 11. Be3 {E69: King's Indian: Fianchetto: 6...Nbd7 7 0-0 e5 8 e4 c6 9 h3} Qe7 12. Qc2 Nc5 13. Nd2 Nh5 $146 ({Predecessor:} 13... Ne6 14. Rad1 h5 15. Nf3 Nh7 16. h4 Nef8 17. Ng5 Nxg5 18. Bxg5 Qb4 {0-1 (48) Kanibalotzka,E (1851)-Heinig,W (2332) Dresden 2008}) 14. Bxc5 Qxc5 15. Na4 Qe7 16. c5 Be6 17. Rad1 f5 18. Nc4 Rf8 19. exf5 gxf5 20. Nd6 e4 21. Nc3 Kh8 22. Ne2 Be5 23. Nd4 Rad8 24. Qe2 Ng7 25. Nxe6 Nxe6 26. g4 Nf4 27. Qe3 Nxg2 28. Kxg2 f4 29. Nf5 $19 (29. Qe1 h5 30. f3) 29... fxe3 0-1

[Event "10th Beirut Open-ch 2019"]
[Site "Beirut"]
[Date "2019.05.01"]
[Round "6.8"]
[White "Najjar, Ahmad"]
[Black "Al Salman, Mohamad"]
[Result "1-0"]
[WhiteElo "2233"]
[BlackElo "1958"]
[PlyCount "87"]
[EventDate "2019.04.25"]
[EventType "swiss"]
[EventRounds "9"]
[EventCountry "LBN"]
[TimeControl "5400+30"]

1. Nf3 d5 2. d4 Nf6 3. Bf4 Bf5 4. e3 c6 5. Bd3 e6 6. Bxf5 exf5 7. O-O g6 8. Nbd2 Bg7 9. c4 O-O 10. Qb3 Qb6 11. Rfc1 Qxb3 12. Nxb3 Nbd7 13. Na5 dxc4 14. Nxb7 Nb6 15. Bd6 Rfe8 16. Ne5 Ne4 17. Nxc4 Nxc4 18. Rxc4 Nxd6 19. Nxd6 Re6 20. Nb7 Rb8 21. Nc5 Re7 22. Nb3 Rb6 23. Rac1 Ra6 24. a3 Rc7 25. g3 Bf8 26. Nc5 Ra5 27. Nd3 Ra6 28. R1c2 Bd6 29. R4c3 Rb6 30. d5 c5 31. b4 c4 32. Rxc4 Rxc4 33. Rxc4 Rb5 34. Rd4 Kf8 35. Kf1 f6 36. Ke2 Ke7 37. a4 Rb8 38. Rc4 g5 39. f3 h5 40. b5 g4 41. Nf4 Be5 42. Ng6+ Kd6 43. Rc6+ Kxd5 44. Ne7# 1-0

[Event "10th Beirut Open-ch 2019"]
[Site "Beirut"]
[Date "2019.05.01"]
[Round "6.9"]
[White "EL Mahmoud, AbdulAziz"]
[Black "Khoder, Akram"]
[Result "1-0"]
[WhiteElo "2108"]
[BlackElo "1608"]
[PlyCount "83"]
[EventDate "2019.04.25"]
[EventType "swiss"]
[EventRounds "9"]
[EventCountry "LBN"]
[TimeControl "5400+30"]

1. c4 e5 2. g3 Nf6 3. Nc3 c6 4. Bg2 d5 5. b3 Be6 6. Nf3 Bd6 7. cxd5 Bxd5 8. O-O O-O 9. Qc2 Bxf3 10. Bxf3 Nbd7 11. Bb2 Qe7 12. a3 a5 13. d3 Rac8 14. Rfc1 Rc7 15. Qd2 Rfc8 16. Nd1 b6 17. Ne3 Nc5 18. Nf5 Qe6 19. Qg5 Ne8 20. Bg4 Nxb3 21. Nxd6 Qxd6 22. Bxe5 Qg6 23. Qf4 Nxa1 24. Rxa1 f6 25. Qc4+ Kf8 26. Bxc8 Rxc8 27. Qe6 Rd8 28. Bf4 f5 29. Qb3 b5 30. Rc1 a4 31. Qb4+ Kg8 32. Rc5 Rc8 33. Qc3 Qe6 34. Re5 Qd7 35. Qc5 Nd6 36. Re3 Rd8 37. Bxd6 Qxd6 38. Qxf5 Qxa3 39. Qe6+ Kh8 40. Qxc6 Rb8 41. Re8+ Qf8 42. Rxf8+ 1-0

[Event "10th Beirut Open-ch 2019"]
[Site "Beirut"]
[Date "2019.05.01"]
[Round "6.10"]
[White "Moudallal, Tarek"]
[Black "Hanna, Elie"]
[Result "1-0"]
[WhiteElo "2043"]
[BlackElo "1726"]
[PlyCount "149"]
[EventDate "2019.04.25"]
[EventType "swiss"]
[EventRounds "9"]
[EventCountry "LBN"]
[TimeControl "5400+30"]

1. e4 e5 2. Nf3 Nc6 3. d4 exd4 4. Bc4 Bc5 5. c3 Nf6 6. cxd4 Bb4+ 7. Bd2 Nxe4 8. Bxb4 Nxb4 9. Bxf7+ Kxf7 10. Qb3+ d5 11. Ne5+ Ke6 12. Qxb4 c5 13. Qa3 cxd4 14. Nf3 Re8 15. O-O Kf7 16. Nxd4 Qb6 17. Nf3 Qd6 18. Qxd6 Nxd6 19. Nc3 Bg4 20. Nd4 Nc4 21. h3 Be6 22. b3 Nd2 23. Rfe1 Rec8 24. Ncb5 Ne4 25. Nxe6 Kxe6 26. f3 a6 27. Nd4+ Ke5 28. Rad1 Rd8 29. fxe4 dxe4 30. Nf3+ Kf4 31. Rxd8 Rxd8 32. Nh2 Rd2 33. g3+ Kf5 34. Rf1+ Ke6 35. Re1 Kd5 36. Nf1 Rxa2 37. Ne3+ Ke5 38. Kf1 Kd4 39. Nf5+ Kd5 40. Nxg7 Rb2 41. Re3 b5 42. Ke1 a5 43. Kd1 a4 44. bxa4 bxa4 45. Kc1 Rf2 46. Nh5 Rf3 47. Re2 Kd4 48. Kc2 a3 49. Kb1 e3 50. Kc2 a2 51. Re1 Rf2+ 52. Kb3 Kd3 53. Nf4+ Ke4 54. Kc3 Kf3 55. Nd3 Rd2 56. g4 Rh2 57. Kd4 e2 58. Ra1 Rxh3 59. Rxa2 Rh2 60. g5 Kg4 61. Ne1 Kxg5 62. Ke3 Rh3+ 63. Kf2 Rh2+ 64. Kg3 Rh1 65. Rxe2 Rh6 66. Nf3+ Kf6 67. Ra2 Rg6+ 68. Kf4 h5 69. Ra6+ Kg7 70. Ra7+ Kh6 71. Kf5 Rb6 72. Ne5 h4 73. Ng4+ Kh5 74. Rh7+ Rh6 75. Rxh6# 1-0

[Event "10th Beirut Open-ch 2019"]
[Site "Beirut"]
[Date "2019.05.01"]
[Round "6.11"]
[White "Salman, Samer"]
[Black "Novikova, Margarita"]
[Result "0-1"]
[WhiteElo "1505"]
[BlackElo "2032"]
[PlyCount "56"]
[EventDate "2019.04.25"]
[EventType "swiss"]
[EventRounds "9"]
[EventCountry "LBN"]
[TimeControl "5400+30"]

1. e4 d6 2. d4 Nf6 3. Nc3 g6 4. Be3 Bg7 5. f3 O-O 6. h4 e5 7. d5 Nh5 8. Nge2 f5 9. Bg5 Qe8 10. Rg1 Qf7 11. Be3 Nf6 12. Qd2 fxe4 13. fxe4 Ng4 14. O-O-O Nxe3 15. Qxe3 Bg4 16. Rd2 h5 17. Kb1 Kh7 18. Qg3 Bh6 19. Rd3 Nd7 20. b4 a5 21. Nb5 axb4 22. Nxc7 Ra5 23. Rb3 Nc5 24. Ne6 Nxe6 25. dxe6 Bxe6 26. Rxb4 Rxa2 27. Qe1 Rfa8 28. Qc3 R8a3 0-1

[Event "10th Beirut Open-ch 2019"]
[Site "Beirut"]
[Date "2019.05.01"]
[Round "6.12"]
[White "Hassweh, Mwaffaq"]
[Black "Ivanov, Mikhail M"]
[Result "0-1"]
[WhiteElo "1866"]
[BlackElo "2372"]
[PlyCount "98"]
[EventDate "2019.04.25"]
[EventType "swiss"]
[EventRounds "9"]
[EventCountry "LBN"]
[TimeControl "5400+30"]

1. e4 d6 2. d4 g6 3. Nf3 Bg7 4. Bc4 a6 5. O-O e6 6. Nc3 b5 7. Bb3 Bb7 8. Bg5 Qd7 9. Re1 h6 10. Bh4 c5 11. dxc5 dxc5 12. Bd5 Nc6 13. Bxc6 Qxc6 14. a3 Ne7 15. Nd5 Nxd5 16. exd5 Qxd5 17. c3 O-O 18. Be7 Rfc8 19. Qe2 Qh5 20. Ne5 Qxe2 21. Rxe2 Ra7 22. Bh4 g5 23. Bg3 Rd8 24. h4 f6 25. Ng6 Bd5 26. h5 Bc4 27. Re3 e5 28. a4 bxa4 29. Rxa4 Rd1+ 30. Kh2 Bb5 31. Ra5 c4 32. Re2 Rad7 33. Ra3 Rb1 34. f3 Rdd1 35. Bf2 Rh1+ 36. Kg3 Rxh5 37. Ne7+ Kf7 38. Nf5 Bf8 39. Ra2 Kg6 40. Ne3 f5 41. Nxf5 Kxf5 42. Bb6 Rhh1 43. Bc7 Rhe1 44. Rd2 h5 45. Kh2 Rh1+ 46. Kg3 h4+ 47. Kf2 Bc5+ 48. Rd4 exd4 49. g4+ hxg3+ 0-1

[Event "10th Beirut Open-ch 2019"]
[Site "Beirut"]
[Date "2019.05.01"]
[Round "6.13"]
[White "Ghnatios, Ralph"]
[Black "Khairallah, Faisal"]
[Result "0-1"]
[WhiteElo "1838"]
[BlackElo "2255"]
[PlyCount "78"]
[EventDate "2019.04.25"]
[EventType "swiss"]
[EventRounds "9"]
[EventCountry "LBN"]
[TimeControl "5400+30"]

1. e4 d6 2. d4 Nf6 3. Nd2 g6 4. Ngf3 Bg7 5. c3 O-O 6. Bd3 c5 7. O-O cxd4 8. cxd4 Nc6 9. Re1 e5 10. Nb3 Bg4 11. Be3 d5 12. h3 Bxf3 13. Qxf3 exd4 14. Bg5 Ne5 15. Qg3 Nxd3 16. Qxd3 dxe4 17. Rxe4 Qd5 18. Bxf6 Bxf6 19. Rae1 Rac8 20. a3 Rc6 21. Nc1 Rfc8 22. Ne2 Rb6 23. Nf4 Qb3 24. Qxb3 Rxb3 25. Nd5 Rc6 26. Nxf6+ Rxf6 27. Rxd4 Rxb2 28. f3 Rc6 29. Re7 Rcc2 30. Rg4 Kg7 31. Kh2 Kf6 32. Re3 h5 33. Rg3 Rb1 34. h4 Rc4 35. Rh3 Ra1 36. g4 Ra2+ 37. Kg3 hxg4 38. fxg4 Ra4 39. g5+ Kg7 0-1

[Event "10th Beirut Open-ch 2019"]
[Site "Beirut"]
[Date "2019.05.01"]
[Round "6.14"]
[White "Asmar, Elie"]
[Black "Bedrosian, Danielle"]
[Result "1-0"]
[WhiteElo "2009"]
[BlackElo "1676"]
[PlyCount "55"]
[EventDate "2019.04.25"]
[EventType "swiss"]
[EventRounds "9"]
[EventCountry "LBN"]
[TimeControl "5400+30"]

1. d4 b6 2. e4 Bb7 3. Bd3 g6 4. f4 Bg7 5. Nf3 e6 6. O-O Ne7 7. c3 d5 8. e5 Nd7 9. Be3 h5 10. Na3 Bh6 11. Qd2 Nf5 12. Bf2 Nf8 13. Nc2 Nh7 14. a4 g5 15. Bxf5 exf5 16. fxg5 Nxg5 17. Nxg5 Bxg5 18. Be3 Bxe3+ 19. Nxe3 Bc8 20. Nxf5 Be6 21. Ng7+ Kd7 22. Nxe6 fxe6 23. Rf7+ Kc6 24. Qe2 Qg8 25. Qb5+ Kb7 26. Raf1 Qg5 27. a5 Rag8 28. a6+ 1-0

[Event "10th Beirut Open-ch 2019"]
[Site "Beirut"]
[Date "2019.05.01"]
[Round "6.15"]
[White "Moughames, Ronald"]
[Black "Habash, Mohamad"]
[Result "1-0"]
[WhiteElo "1721"]
[BlackElo "1806"]
[PlyCount "261"]
[EventDate "2019.04.25"]
[EventType "swiss"]
[EventRounds "9"]
[EventCountry "LBN"]
[TimeControl "5400+30"]

1. e4 c5 2. Nf3 d6 3. d4 cxd4 4. Nxd4 Nf6 5. Nc3 Nc6 6. Be2 g6 7. Be3 Bg7 8. O-O O-O 9. Nb3 Be6 10. f4 Rc8 11. Bf3 b5 12. Nxb5 Bc4 13. Nxa7 Nxa7 14. Bxa7 Bxf1 15. Kxf1 Qc7 16. Bd4 Qxc2 17. Qxc2 Rxc2 18. Bc3 Nd7 19. Nd4 Rxc3 20. bxc3 Rc8 21. Nb5 Rc5 22. a4 Nb6 23. Be2 Bxc3 24. Nxc3 Rxc3 25. a5 Nc8 26. Rb1 Rc7 27. Rb8 Kg7 28. Ba6 Ra7 29. Bxc8 Rxa5 30. Rb7 Kf6 31. Bh3 h6 32. Ke2 g5 33. fxg5+ Rxg5 34. Ke3 Re5 35. Kf4 Rc5 36. Rb2 Ra5 37. Rd2 Rc5 38. Rd5 Rc2 39. Rf5+ Kg7 40. Ke3 Ra2 41. Rf2 Ra5 42. Bd7 e6 43. Kd4 Ra7 44. Bb5 Rc7 45. Rf3 Rc2 46. Be8 Rc7 47. Rc3 Re7 48. Rc8 Ra7 49. Ke3 Kf6 50. Rc2 Ke5 51. Bc6 f5 52. exf5 Ra3+ 53. Ke2 Kxf5 54. Rb2 d5 55. Kf2 Rc3 56. Bd7 Rc7 57. g4+ Kxg4 58. Bxe6+ Kf4 59. Bxd5 Rc3 60. Rb4+ Kg5 61. Re4 Rc2+ 62. Kg3 Rc3+ 63. Kf2 Rc2+ 64. Kf3 Rc3+ 65. Ke2 Rc2+ 66. Ke3 Rxh2 67. Re8 Rb2 68. Rg8+ Kf6 69. Kf4 Rf2+ 70. Bf3 Rb2 71. Rc8 Rb6 72. Be4 Ke7 73. Bd5 Kd6 74. Be4 Ke7 75. Rh8 Rf6+ 76. Ke5 Re6+ 77. Kd5 Rd6+ 78. Kc5 Ra6 79. Rh7+ Kf8 80. Bc6 Ra1 81. Rxh6 Ke7 82. Kd5 Ra5+ 83. Kd4 Ra1 84. Ke5 Re1+ 85. Be4 Rf1 86. Rh7+ Rf7 87. Rh6 Rf1 88. Re6+ Kf7 89. Ra6 Kg7 90. Ra7+ Rf7 91. Ra6 Rf1 92. Rg6+ Kf8 93. Kd6 Kf7 94. Ke5 Ke7 95. Re6+ Kf7 96. Rb6 Kg7 97. Bf5 Re1+ 98. Kf4 Rg1 99. Bg4 Rf1+ 100. Kg5 Kf8 101. Bf5 Ke7 102. Re6+ Kf7 103. Rd6 Rg1+ 104. Bg4 Ke7 105. Rd7+ Ke8 106. Ra7 Kd8 107. Kf5 Re1 108. Kf6 Re3 109. Rd7+ Ke8 110. Rc7 Kf8 111. Be6 Rf3+ 112. Bf5 Re3 113. Rh7 Rg3 114. Rh8+ Rg8 115. Rh2 Rg1 116. Rd2 Re1 117. Bd3 Re3 118. Rb2 Rf3+ 119. Bf5 Re3 120. Rh2 Rg3 121. Rh4 Rg2 122. Rc4 Re2 123. Rc7 Re1 124. Bd3 Re3 125. Rc8+ Re8 126. Rc5 Re3 127. Rd5 Re1 128. Bb5 Kg8 129. Rd8+ Kh7 130. Bd3+ Re4 131. Bxe4+ 1-0